000
00212 a2200097 4500
001
34941
100
_a
Cameron
245
_a
China Japan & the powers
260
_a
NY
_b
Ronald Press Co
_c
090
_c
23104
_d
23104
942
_a
NUST-CAE
_c
M
_c
14564
999
_c
270014
_d
270014